Revista de derecho público 2022 - 2 : responsabilidad del estado II

Guardado en:
Formato: Libro
Idioma:Spanish
Publicado: Santa Fe : Rubinzal-Culzoni, 2022.
Edición:1a. ed. rev.
Materias:
Etiquetas: Agregar Etiqueta
Sin Etiquetas, Sea el primero en etiquetar este registro!
LEADER 00622nam a22001815a 4500
001 DER.der014811
008 230509s2022####ag#||||||||||||||#||spa||
005 20230612133018.0
245 1 0 |a Revista de derecho público 2022 - 2 :  |b responsabilidad del estado II  |g 2022 - 2 /  |c Hutchinson, Tomás. 
250 |a 1a. ed. rev. 
260 |a Santa Fe :  |b Rubinzal-Culzoni,  |c 2022. 
300 |a 648 p. 
020 |a 9789873046803 
700 1 |a Hutchinson, Tomás.,  |e dir. 
700 1 |a Basterra, Marcela I.,  |e dir. 
650 7 |a INCONVENCIONALIDAD POR OMISION 
650 7 |a RESPONSABILIDAD CONTRACTUAL 
859 |a DERECHO  |b BIB. DERECHO  |h 341  |i REV  |p 008017